| 000 | 00584nam a2200193Ia 4500 | ||
|---|---|---|---|
| 999 |
_c16958 _d16958 |
||
| 082 | _a307.1416 KUN-; | ||
| 100 | _aKundu, Amitabh | ||
| 245 | 0 | _aMeasurement of urban proceses: a study in regionalisation | |
| 260 |
_aBombay _bPopular Prakashan _c1980 |
||
| 300 | _axv, 246p.: Maps, Tables | ||
| 504 | _aIncludes index, bibliography | ||
| 650 | _aUrbanization - India | ||
| 650 | _aRegional planning - India | ||
| 650 | _aUrban studies - India | ||
| 650 | _aSociology, Urban - India | ||
| 650 | _aSocial sciences - India | ||
| 650 | _aRegional economics - India | ||
| 942 | _cBK | ||